Statistiken für Bilder nach Buchstabe - G

Klicken Sie hier um das Quiz zu spielen!

Allgemein

  • Dieses Quiz wurde 6.422 mal gespielt
    (6.419 seit der letzten Aktualisierung)
  • Das Durchschnittsergebnis liegt bei 11 aus 16

Antwortstatistiken

Antwort% Korrekt
Globus
96%
Galaxie
91%
Gladiator
84%
Georgien
83%
Griechenland
82%
Gecko
81%
Gondel
79%
Gugelhupf
79%
Geysir
78%
Gericht
73%
Gebirge
64%
Goth
60%
Geisha
59%
Gisele
48%
Ganesha
35%
Ginseng
20%

Verteilung der Resultate

Perzentil nach korrekt beantworteten Fragen

Anzahl Personen mit jedem Resultat

Ihre Resultats-Entwicklung

Sie haben dieses Quiz seit der letzten Aktualisierung nicht gespielt